| 000 | 00803nam a22002177a 4500 | ||
|---|---|---|---|
| 999 |
_c59320 _d59320 |
||
| 005 | 20230117150440.0 | ||
| 008 | 230117s2015ge xxu||||| |||| 00| 0 ger d | ||
| 020 | _a9783126050319 X | ||
| 041 | _ager | ||
| 080 | _a811.112.1 L-87 | ||
| 100 |
_aLutke, Marion _916714 |
||
| 245 |
_aAspekte neu : Mittelstufe Deutsch _bIntensivtrainer 2. B2 / _cMarion Lutke, Ulrike Moritz, Margarete Rodi |
||
| 264 |
_aStuttgard : _bErnst Klett Sprachen, _c2015. |
||
| 300 |
_a96 p.: _bill; _c29 cm. |
||
| 653 | _aAspekte neu : Mittelstufe Deutsch Intensivtrainer B2 | ||
| 653 | _aახალი ასპექტები გერმანული ენა | ||
| 700 |
_aLutke, Marion _eAuthor _916714 |
||
| 700 |
_aMoritz, Ulrike _eAuthor _916721 |
||
| 700 |
_a Rodi, Margarete _eAuthor _916722 |
||
| 942 |
_2udc _cBK |
||